Practical inductively coupled plasma spectroscopy / (Record no. 11853)

MARC details
000 -LEADER
fixed length control field 01460cam a22003374a 4500
001 - CONTROL NUMBER
control field 13867847
003 - CONTROL NUMBER IDENTIFIER
control field EG-ScBUE
005 - DATE AND TIME OF LATEST TRANSACTION
control field 20250728092758.0
008 - FIXED-LENGTH DATA ELEMENTS--GENERAL INFORMATION
fixed length control field 050211t2005 enka f b 001 0 eng d
020 ## - INTERNATIONAL STANDARD BOOK NUMBER
International Standard Book Number 9780470093498
020 ## - INTERNATIONAL STANDARD BOOK NUMBER
International Standard Book Number 0470093498 (pbk. : alk. paper)
040 ## - CATALOGING SOURCE
Original cataloging agency DLC
Language of cataloging eng
Description conventions rda
Transcribing agency DLC
Modifying agency DLC
-- EG-ScBUE
082 04 - DEWEY DECIMAL CLASSIFICATION NUMBER
Classification number 543.0873
Edition number 22
Item number DEA
100 1# - MAIN ENTRY--PERSONAL NAME
Personal name Dean, John R.,
Relator term author.
9 (RLIN) 6258
245 10 - TITLE STATEMENT
Title Practical inductively coupled plasma spectroscopy /
Statement of responsibility, etc John R. Dean, Northumbria University, Newcastle, UK.
264 #1 - PUBLICATION, DISTRIBUTION, ETC. (IMPRINT)
Place of publication, distribution, etc West Sussex, England :
Name of publisher, distributor, etc John Wiley & Sons,
Date of publication, distribution, etc [2005]
264 #4 - PUBLICATION, DISTRIBUTION, ETC. (IMPRINT)
Date of publication, distribution, etc c2005
300 ## - PHYSICAL DESCRIPTION
Extent xxi, 184 pages :
Other physical details illustrations ;
Dimensions 23 cm.
336 ## - CONTENT TYPE
Source rdacontent
Content type term text
Content type code txt
337 ## - MEDIA TYPE
Media type term unmediated
Source rdamedia
Media type code n
338 ## - CARRIER TYPE
Carrier type term volume
Carrier type code nc
Source rdacarrier
490 0# - SERIES STATEMENT
Series statement Analytical techniques in the sciences
504 ## - BIBLIOGRAPHY, ETC. NOTE
Bibliography, etc Includes bibliographical references and index.
650 #7 - SUBJECT ADDED ENTRY--TOPICAL TERM
Topical term or geographic name as entry element Inductively coupled plasma spectrometry.
Source of heading or term BUEsh
9 (RLIN) 6260
655 ## - INDEX TERM--GENRE/FORM
Form subdivision Reading book
856 41 - ELECTRONIC LOCATION AND ACCESS
Materials specified Table of contents only
Uniform Resource Identifier <a href="http://www.loc.gov/catdir/toc/ecip057/2005004183.html">http://www.loc.gov/catdir/toc/ecip057/2005004183.html</a>
856 42 - ELECTRONIC LOCATION AND ACCESS
Materials specified Contributor biographical information
Uniform Resource Identifier <a href="http://www.loc.gov/catdir/enhancements/fy0621/2005004183-b.html">http://www.loc.gov/catdir/enhancements/fy0621/2005004183-b.html</a>
856 42 - ELECTRONIC LOCATION AND ACCESS
Materials specified Publisher description
Uniform Resource Identifier <a href="http://www.loc.gov/catdir/enhancements/fy0621/2005004183-d.html">http://www.loc.gov/catdir/enhancements/fy0621/2005004183-d.html</a>
942 ## - ADDED ENTRY ELEMENTS (KOHA)
Source of classification or shelving scheme Dewey Decimal Classification
Koha item type Book - Borrowing
Holdings
Withdrawn status Lost status Source of classification or shelving scheme Damaged status Not for loan Collection code Home library Current library Shelving location Date acquired Source of acquisition Cost, normal purchase price Total Checkouts Full call number Barcode Date last seen Koha item type
    Dewey Decimal Classification     Alef-Baa Central Library Central Library First floor 17/06/2009 Purchase 150.00   543.0873 DEA 000016857 15/07/2025 Book - Borrowing